Southville International School and Colleges
Your cart is empty.
  • Cart
  • Lists
    Public lists Eva Luna New books Lux_list list_1
    Your lists Log in to create your own lists
  • Log in to your account
  • Your cookies
  • Search history
Southville International School and Colleges
  • Advanced search
  • Recent comments
  • Most popular
  • Libraries

Log in to your account

Log in with GOOGLE


If you do not have an external account, but do have a local account, you can still log in:

  1. Home
  2. MARC view: Reflective teaching :
Normal view MARC view ISBD view

Reflective teaching : (Record no. 23212)

[ view plain ]
MARC details
000 -LEADER
fixed length control field 00801nam a2200277 a 4500
005 - DATE AND TIME OF LATEST TRANSACTION
control field 20140310183445.0
008 - FIXED-LENGTH DATA ELEMENTS--GENERAL INFORMATION
fixed length control field 080925s19uu xx 00 eng d
020 ## - INTERNATIONAL STANDARD BOOK NUMBER
International Standard Book Number 9780826493408
050 ## - LIBRARY OF CONGRESS CALL NUMBER
Classification number LB 1555
Item number .P69 2008
100 ## - MAIN ENTRY--PERSONAL NAME
Personal name Pollard, Andrew
245 ## - TITLE STATEMENT
Title Reflective teaching :
Remainder of title evidence-informed professional practice /
Statement of responsibility, etc Pollard, Andrew
250 ## - EDITION STATEMENT
Edition statement 3rd ed.
260 ## - PUBLICATION, DISTRIBUTION, ETC. (IMPRINT)
Place of publication, distribution, etc London :
Name of publisher, distributor, etc Continuum International Publishing,
Date of publication, distribution, etc 2008.
300 ## - PHYSICAL DESCRIPTION
Extent 590 p. :
Other physical details ill. ;
Dimensions 25 cm.
521 ## - TARGET AUDIENCE NOTE
Target audience note
650 ## - SUBJECT ADDED ENTRY--TOPICAL TERM
Topical term or geographic name as entry element Education.
650 ## - SUBJECT ADDED ENTRY--TOPICAL TERM
Topical term or geographic name as entry element Elementary school teaching.
650 ## - SUBJECT ADDED ENTRY--TOPICAL TERM
Topical term or geographic name as entry element Teachers
General subdivision Self, rating of.
700 ## - ADDED ENTRY--PERSONAL NAME
Personal name Anderson, Julie
700 ## - ADDED ENTRY--PERSONAL NAME
Personal name Maddock, Mandy
700 ## - ADDED ENTRY--PERSONAL NAME
Personal name Swaffield, Sue
700 ## - ADDED ENTRY--PERSONAL NAME
Personal name Warin, Jo
700 ## - ADDED ENTRY--PERSONAL NAME
Personal name Warwick, Paul
942 ## - ADDED ENTRY ELEMENTS (KOHA)
Koha item type Books
Source of classification or shelving scheme Library of Congress Classification
Call number prefix Foreign
Holdings
Withdrawn status Lost status Source of classification or shelving scheme Damaged status Home library Current library Shelving location Date acquired Source of acquisition Cost, normal purchase price Total Checkouts Full call number Barcode Date last seen Copy number Price effective from Koha item type
    Library of Congress Classification   College Library College Library General Circulation Section 10/01/2010 Donation 4311.00   LB 1555 .P69 2008 C9795 05/15/2018 1 10/18/2013 Books

Reflective teaching :

APA

Pollard A., Anderson J., Maddock M., Swaffield S., Warin J. & Warwick P. (2008). Reflective teaching. London: Continuum International Publishing.

Chicago

Pollard Andrew, Anderson Julie, Maddock Mandy, Swaffield Sue, Warin Jo and Warwick Paul. 2008. Reflective teaching. London: Continuum International Publishing.

Harvard

Pollard A., Anderson J., Maddock M., Swaffield S., Warin J. and Warwick P. (2008). Reflective teaching. London: Continuum International Publishing.

MLA

Pollard Andrew, Anderson Julie, Maddock Mandy, Swaffield Sue, Warin Jo and Warwick Paul. Reflective teaching. London: Continuum International Publishing. 2008.

  • Place hold
  • Print
  • Cite
  • Add to your cart (remove)
  • Save record
    BIBTEX Dublin Core MARCXML MARC (non-Unicode/MARC-8) MARC (Unicode/UTF-8) MARC (Unicode/UTF-8, Standard) MODS (XML) RIS
  • More searches
    Search for this title in:
    Other Libraries (WorldCat) Other Databases (Google Scholar) Online Stores (Bookfinder.com) Open Library (openlibrary.org)

Exporting to Dublin Core...

SOUTHVILLE LIBRARY

Southville International School and Colleges Library

1281 Tropical Ave. Cor. Luxembourg St., BF Homes International, Las Pinas City

Tel. No. 8256374 / 252358 Loc. 117/146

Powered by Koha